| 000 | 00710nam a2200193 4500 | ||
|---|---|---|---|
| 001 | 144748 | ||
| 003 | ES-MaACL | ||
| 005 | 20251015164520.0 | ||
| 007 | t| | ||
| 008 | 070214s1904 sp r ||||1| spa d | ||
| 100 | 1 |
_aSilvela Loring, Jorge. _9106426 |
|
| 245 | 1 | 0 |
_aManual de práctica forense _b: colección ordenada de escritos é informes orales / _cJorge Silvela Loring, Juan Barriobero Armas ; con un prólogo de D. Tomás Montejo y Rica. |
| 260 |
_aMadrid : _bReus, _c1904. |
||
| 300 |
_a618 p. ; _c22 cm. |
||
| 700 | 1 |
_aBarriobero y Armas, Juan, _cBarón de Río Tovía _9138189 |
|
| 700 | 1 |
_aMontejo y Rica, Tomás ( _d1856-1933) _982445 |
|
| 852 |
_aES-MaACL _jG-15585 |
||
| 999 |
_c144748 _d144748 |
||